00392nam a2200121Ia 4500008004100000245013100041260001700172260000900189300000800198650002300206650001200229856002900241170516s9999 xx 000 0 und d aSynthesis and Preclinical Evaluation of a Highly Improved Anticancer Prodrug Activated by Histone Deacetylases and Cathepsin L bTheranostics c2016 a6:6 xMedical Technology xMedtech uhttp://www.thno.org/v6i6